みどりの窓口 当初の開設駅 - Statistics

General Stats
  • This quiz has been taken 517 times
  • The average score is 118 of 152
Answer Stats
駅名 都道府県 % Correct
札幌 北海道
97%
旭川 北海道
96%
函館 北海道
96%
福島 福島県
96%
東京 東京都
96%
青森 青森県
95%
盛岡 岩手県
95%
仙台 宮城県
95%
秋田 秋田県
95%
山形 山形県
95%
郡山 福島県
95%
宇都宮 栃木県
95%
高崎 群馬県
95%
新宿 東京都
94%
水戸 茨城県
93%
大宮 埼玉県
93%
千葉 千葉県
93%
品川 東京都
93%
釧路 北海道
92%
上野 東京都
92%
浜松 静岡県
92%
弘前 青森県
91%
八王子 東京都
91%
川崎 神奈川県
91%
横浜 神奈川県
91%
渋谷 東京都
90%
新潟 新潟県
90%
富山 富山県
90%
金沢 石川県
90%
秋葉原 東京都
89%
長野 長野県
89%
岐阜 岐阜県
89%
静岡 静岡県
89%
小樽 北海道
88%
会津若松 福島県
88%
福島県
88%
池袋 東京都
88%
小田原 神奈川県
88%
長岡 新潟県
88%
福井 福井県
88%
松本 長野県
88%
名古屋 愛知県
88%
京都 京都府
88%
大阪 大阪府
88%
岡山 岡山県
88%
広島 広島県
88%
高知 高知県
88%
博多 福岡県
88%
帯広 北海道
87%
豊橋 愛知県
87%
大津 滋賀県
87%
鳥取 鳥取県
87%
徳島 徳島県
87%
高松 香川県
87%
松山 愛媛県
87%
佐賀 佐賀県
87%
長崎 長崎県
87%
大分 大分県
87%
宮崎 宮崎県
87%
立川 東京都
86%
高岡 富山県
86%
敦賀 福井県
86%
熱海 静岡県
86%
奈良 奈良県
86%
下関 山口県
86%
小倉 福岡県
86%
熊本 熊本県
86%
新橋 東京都
85%
三島 静岡県
85%
米原 滋賀県
85%
神戸 兵庫県
85%
松江 島根県
85%
倉敷 岡山県
85%
鹿児島 鹿児島県
85%
神田 東京都
84%
四日市 三重県
84%
米子 鳥取県
84%
佐世保 長崎県
84%
酒田 山形県
83%
天王寺 大阪府
83%
姫路 兵庫県
83%
福山 広島県
83%
別府 大分県
83%
赤羽 東京都
82%
沼津 静岡県
82%
新大阪 大阪府
82%
岩国 山口県
82%
花巻 岩手県
81%
三ノ宮 兵庫県
81%
大船 神奈川県
80%
尼崎 兵庫県
80%
日光 栃木県
79%
中野 東京都
79%
目黒 東京都
79%
久留米 福岡県
79%
延岡 宮崎県
79%
有楽町 東京都
78%
明石 兵庫県
78%
御茶ノ水 東京都
76%
室蘭 北海道
75%
蒲田 東京都
75%
広島県
75%
徳山 山口県
75%
御徒町 東京都
74%
直江津 新潟県
74%
錦糸町 東京都
73%
尾道 広島県
73%
高田馬場 東京都
72%
彦根 滋賀県
72%
三原 広島県
72%
黒磯 栃木県
71%
五反田 東京都
71%
軽井沢 長野県
71%
京橋 大阪府
71%
桐生 群馬県
70%
北千住 東京都
70%
尾張一宮 愛知県
70%
小郡 山口県
70%
新横浜 神奈川県
69%
福知山 京都府
69%
鶴橋 大阪府
69%
加古川 兵庫県
69%
西鹿児島 鹿児島県
69%
飯田橋 東京都
68%
大森 東京都
68%
吉祥寺 東京都
68%
鎌倉 神奈川県
67%
大井町 東京都
66%
荻窪 東京都
65%
清水 静岡県
65%
門司 福岡県
64%
渋川 群馬県
60%
両国 東京都
59%
芦屋 兵庫県
59%
大牟田 福岡県
58%
伊東 静岡県
57%
白浜 和歌山県
55%
岐阜羽島 岐阜県
54%
宇野 岡山県
52%
浅草橋 東京都
49%
千種 愛知県
49%
大聖寺 石川県
48%
防府 山口県
48%
黒崎 福岡県
47%
動橋 石川県
40%
宇部新川 山口県
37%
熱田 愛知県
36%
阿佐ケ谷 東京都
32%
湊町 大阪府
32%
放出 大阪府
28%
東和歌山 和歌山県
26%
玉造 大阪府
21%
No matching quizzes found
Score Distribution
Percent of People with Each Score
Percentile by Number Answered
Your Score History
You have not taken this quiz